International management : (Record no. 21600)

MARC details
000 -LEADER
fixed length control field 01087pam a2200301 a 4500
001 - CONTROL NUMBER
control field 1163514
003 - CONTROL NUMBER IDENTIFIER
control field MUT
005 - DATE AND TIME OF LATEST TRANSACTION
control field 20240606081541.0
008 - FIXED-LENGTH DATA ELEMENTS--GENERAL INFORMATION
fixed length control field 960718s1997 ilua b 001 0 eng
010 ## - LIBRARY OF CONGRESS CONTROL NUMBER
LC control number 96033085
020 ## - INTERNATIONAL STANDARD BOOK NUMBER
International Standard Book Number 0256193495
040 ## - CATALOGING SOURCE
Original cataloging agency DLC
Transcribing agency MUT
Modifying agency DLC
050 00 - LIBRARY OF CONGRESS CALL NUMBER
Classification number HD62.4
Item number .B4 1997
082 00 - DEWEY DECIMAL CLASSIFICATION NUMBER
Classification number 658/.049
Edition information 20
100 1# - MAIN ENTRY--PERSONAL NAME
Personal name Beamish, Paul W.
Dates associated with a name 1953-
245 10 - TITLE STATEMENT
Title International management :
Remainder of title text and cases /
250 ## - EDITION STATEMENT
Edition statement 3rd ed.
260 ## - PUBLICATION, DISTRIBUTION, ETC.
Place of publication, distribution, etc. Burr Ridge, Ill. :
Name of publisher, distributor, etc. Irwin,
Date of publication, distribution, etc. c1997.
300 ## - PHYSICAL DESCRIPTION
Extent xii, 604 p. :
Other physical details ill. ;
Dimensions 24 cm.
504 ## - BIBLIOGRAPHY, ETC. NOTE
Bibliography, etc. note Includes bibliographical references and index.
650 #0 - SUBJECT ADDED ENTRY--TOPICAL TERM
Topical term or geographic name entry element International business enterprises
General subdivision Management.
650 #0 - SUBJECT ADDED ENTRY--TOPICAL TERM
Topical term or geographic name entry element International business enterprises
General subdivision Management
-- Case studies.
700 1# - ADDED ENTRY--PERSONAL NAME
Personal name Morrison, Allen J.
700 1# - ADDED ENTRY--PERSONAL NAME
Personal name Rosenzweig, Philip M.,
Dates associated with a name 1955-
906 ## - LOCAL DATA ELEMENT F, LDF (RLIN)
a 7
b cbc
c orignew
d 1
e ocip
f 19
g y-gencatlg
942 ## - ADDED ENTRY ELEMENTS (KOHA)
Source of classification or shelving scheme Library of Congress Classification
Koha item type Books
Holdings
Withdrawn status Lost status Source of classification or shelving scheme Damaged status Not for loan Home library Current library Shelving location Date acquired Source of acquisition Total checkouts Full call number Barcode Date last seen Price effective from Koha item type
    Library of Congress Classification     Murang'a University of Technology Library Murang'a University of Technology Library General stacks 18/03/2022 Donation- TFC   HD62.4 .B4 1997 030084 30/08/2024 18/03/2022 Books